Catálogo

Isaac Newton : (Registro nro. 67595)

Detalles MARC
000 -LEADER
fixed length control field 01153cam a2200313 i 4500
001 - CONTROL NUMBER
control field 67595
003 - CONTROL NUMBER IDENTIFIER
control field Mx-PuUPA
005 - DATE AND TIME OF LATEST TRANSACTION
control field 20200402190850.0
008 - FIXED-LENGTH DATA ELEMENTS--GENERAL INFORMATION
fixed length control field 140415s2004 a r 000 0 spa d
040 ## - CATALOGING SOURCE
Original cataloging agency MX-PuUPA
Language of cataloging spa
Description conventions rda
Transcribing agency Mx-PuUPA
Modifying agency Mx-PuUPA
041 0# - LANGUAGE CODE
Language code of text/sound track or separate title spa
100 1# - MAIN ENTRY--PERSONAL NAME
Personal name Westfall, Richard S.,
Relator term autor
9 (RLIN) 4784
240 14 - UNIFORM TITLE
Uniform title The life of Isaac Newton.
Language of a work Español
245 10 - TITLE STATEMENT
Title Isaac Newton :
Remainder of title una vida /
Statement of responsibility, etc. Richard S. Westfall ; de la traducción, Menchu Gutiérrez ; prólogo de Pedro Duque.
264 #1 - PRODUCTION, PUBLICATION, DISTRIBUTION, MANUFACTURE, AND COPYRIGHT NOTICE
Place of production, publication, distribution, manufacture Lugar de publicación no identificado :
Name of producer, publisher, distributor, manufacturer Ediciones Folio,
Date of production, publication, distribution, manufacture, or copyright notice 2004
300 ## - PHYSICAL DESCRIPTION
Extent 380 páginas :
Other physical details ilustraciones ;
Dimensions 22 cm.
336 ## - CONTENT TYPE
Content type term texto
Fuente rdacontent
Content type code txt
337 ## - MEDIA TYPE
Media type term sin medio
Source rdamedia
Media type code n
338 ## - CARRIER TYPE
Carrier type term volumen
Source rdacarrier
Carrier type code nc
490 0# - SERIES STATEMENT
Series statement Protagonistas de la historia ; Biblioteca ABC ;
Volume/sequential designation 15
600 14 - SUBJECT ADDED ENTRY--PERSONAL NAME
Personal name Newton, Isacc, 1642-1727
650 #4 - SUBJECT ADDED ENTRY--TOPICAL TERM
Topical term or geographic name entry element Físicos
General subdivision Historia
650 #4 - SUBJECT ADDED ENTRY--TOPICAL TERM
Topical term or geographic name entry element Ciencia
General subdivision Historia
650 #4 - SUBJECT ADDED ENTRY--TOPICAL TERM
Topical term or geographic name entry element Físicos
Geographic subdivision Gran Bretaña
General subdivision Biografía
700 1# - ADDED ENTRY--PERSONAL NAME
Personal name Duque, Pedro,
Relator term prologuista
700 1# - ADDED ENTRY--PERSONAL NAME
Personal name Gutiérrez, Menchu,
Relator term traductor
942 ## - ADDED ENTRY ELEMENTS (KOHA)
Classification part 530.092
Item part N532
Koha item type Libro
Source of classification or shelving scheme Dewey Decimal Classification
Existencias
Withdrawn status Lost status Source of classification or shelving scheme Damaged status Not for loan Collection code Home library Current library Shelving location Date acquired Source of acquisition Total Checkouts Total Renewals Full call number Barcode Date last seen Date last checked out Price effective from Koha item type
    Dewey Decimal Classification     General Biblioteca Karol Wojtyla Biblioteca Karol Wojtyla Sala general 10/07/2017 Compra 2 1 530 N532 2004 95338 05/01/2026 25/10/2021 10/07/2017 Libro